000 01009nam a22003257a 4500
003 CHAP
005 20220817044522.0
008 120507s1979 it r 00010 spa d
010 _a103138
011 _a104110
035 _a114799
040 _cCHAP
090 _aFolleto 18207
110 2 _aFAO
245 1 0 _aTodas las miradas sobre la agricultura :
_bla FAO y la UE: liberar el potencial rural
_c/por FAO
260 _aRoma :
_bFAO,
_c2008
300 _a[7] p. : ilus., gráfs.
590 _aBATCH-UPD
_b10
_c20130110
_lUCH01
_h1340
590 _aBATCH-UPD
_b10
_c20130410
_lUCH01
_h0841
590 _aBATCH-UPD
_b10
_c20130914
_lUCH01
_h0822
590 _aCONVERSION
_b10
_c20130109
_lUCH01
_h1357
650 1 4 _aAgricultura.
_91172
650 1 4 _aCambios climáticos.
_917792
650 1 4 _aDesarrollo sustentable.
650 1 4 _aRiesgos.
_997403
650 1 4 _aUnión Europea.
_9116221
901 _aBK
942 _cFOLL
949 _aFolleto 18207
_bBC
_cFAO
_d33724002333058
_eFAO1
_gDonaciØn
_i114799
_sb
999 _c103138
_d103138